Men are from Mars, women are from Venus : (Record no. 5574)

MARC details
000 -LEADER
fixed length control field 00659nam a22001697a 4500
003 - CONTROL NUMBER IDENTIFIER
control field OSt
005 - DATE AND TIME OF LATEST TRANSACTION
control field 20251106053218.0
008 - FIXED-LENGTH DATA ELEMENTS--GENERAL INFORMATION
fixed length control field 251106b |||||||| |||| 00| 0 eng d
020 ## - INTERNATIONAL STANDARD BOOK NUMBER
International Standard Book Number 0-06-092642-2
040 ## - CATALOGING SOURCE
Original cataloging agency DWCL-Main lib
Transcribing agency OC
082 ## - DEWEY DECIMAL CLASSIFICATION NUMBER
Classification number Circ. 646.78 G778 1992
100 ## - MAIN ENTRY--PERSONAL NAME
Personal name Gray, J.
245 ## - TITLE STATEMENT
Title Men are from Mars, women are from Venus :
Remainder of title a practical guide for improving communication and getting what you want in a relationship
Statement of responsibility, etc. Gray, John
260 ## - PUBLICATION, DISTRIBUTION, ETC.
Place of publication, distribution, etc. New York :
Name of publisher, distributor, etc. Harper Collins Publishers,
Date of publication, distribution, etc. c1992
300 ## - PHYSICAL DESCRIPTION
Extent x, 286 pages :
Dimensions 21 cm.
942 ## - ADDED ENTRY ELEMENTS (KOHA)
Source of classification or shelving scheme Dewey Decimal Classification
Koha item type Book Circulation
Edition 1st edition
Classification part Circ. 646.78 G778 1992
Call number prefix Circ.
Suppress in OPAC No
952 ## - LOCATION AND ITEM INFORMATION (KOHA)
--
Holdings
Withdrawn status Lost status Source of classification or shelving scheme Damaged status Not for loan Home library Current library Shelving location Date acquired Source of acquisition Total Checkouts Full call number Barcode Date last seen Copy number Price effective from Koha item type Uniform Resource Identifier
    Dewey Decimal Classification     College Library College Library Circulation 06/24/2003 Donation   Circ. 646.78 G778 1992 42583 11/06/2025 c1 11/06/2025 BK-CIRC